00856 2200265 4500001002100000005001500021035002000036007000300056008004100059020001800100082001100118084001700129100003400146245014700180250000600327300003100333650003400364650003800398700002700436264004000463336002100503337003000524338002300554990001300577INLIS00000000112115820241112095757 a0010-0824000006ta241112 0 ind a9789791761018 a923.31 a923.31 DID r0 aDidin Abidin MasudePengarang1 aRizal Ramli, lokomotif perubahan :bJurus rajawali bangkit, inovasi kebijakan ekonomi era Gus Dur 2000-2001 /cDidin Abidin Masud, Edy Mulyadi a1 a200 :billustrasi ;c21 cm 4aBiografi ekonom - Rizal Ramli 4aEconomist biography - Rizal Ramli0 aEdy MulyadiePengarang aDepok :bCipta citra persada,c2018 2rdacontentaText 2rdamediaaTanpa perantara 2rdacarrieravolume a24/00044